00446nam a2200145Ia 450000500170000000800410001710000260005824500470008426000100013130000100014165000130015194200070016499900150017195201140018620260328101513.0260328s9999||||xx |||||||||||||| ||und|| aEncyclopedie des Arts 0aLes Muses (Vol.2) /cEncyclopedie des Arts bALpha a40 p. aHISTORIA cBK c9254d9254 001040708GENaGPCbGPCcGENd2026-03-28i3093l0o709 Al 745p3093r2026-03-28 15:15:13t1w2026-03-28yBK